000 00652nam a2200193 i 4500
001 186721
003 ES-MaACL
005 20251015063156.0
008 170209s1909 sp |||| | spa d
080 _a821.134.2-32"18"
100 1 _aRueda, Salvador,
_d1857-1933
_9100515
245 1 3 _aEl salvaje :
_bnovela /
_cde Salvador Rueda ; ilustraciones de Álvarez-Dumont.
260 _aMadrid :
_bLos Contemporáneos,
_c1909.
300 _a[20] p. :
_bil. ;
_c27 cm.
490 1 _aLos contemporáneos ;
_vaño 1, n. 40
830 0 _aLos contemporáneos ;
_vaño 1, n. 40
_9185715
852 _aES-MaACL
_jR-2597(12)
999 _c186721
_d186721